| 000 | 00000nam 2200000zi 4500 |
| 001 | 9.897013 |
| 003 | CaOODSP |
| 005 | 20240404155148 |
| 006 | m o d f |
| 007 | cr |n||||||||| |
| 008 | 210302s1979 onc|||| o f00| 0|eng d |
| 040 | |aCaOODSP|beng|erda|cCaOODSP |
| 043 | |an-cn--- |
| 086 | 1 |aST51-154/1979E-PDF |
| 245 | 00|aSTEMS : |bimplementation of a revised S&T expenditure management system : phase I report. |
| 246 | 3 |aScience and Technology Expenditure Management System : |bimplementation of a revised Science and Technology Expenditure Management System : phase I report |
| 264 | 1|a[Ottawa] : |bMinistry of State, Science and Technology Canada = Ministère d'État, Science et technologie Canada, |c[1979] |
| 300 | |a1 online resource (1 volume (various pagings)) |
| 336 | |atext|btxt|2rdacontent |
| 337 | |acomputer|bc|2rdamedia |
| 338 | |aonline resource|bcr|2rdacarrier |
| 500 | |aDigitized edition from print [produced by Innovation, Science and Economic Development Canada]. |
| 500 | |a"Internal report." |
| 650 | 0|aScience and state|zCanada. |
| 650 | 0|aExpenditures, Public. |
| 650 | 6|aPolitique scientifique et technique|zCanada. |
| 650 | 6|aDépenses publiques. |
| 710 | 1 |aCanada. |bMinistry of State, Science and Technology, |eissuing body. |
| 856 | 40|qPDF|s2.04 MB|uhttps://publications.gc.ca/collections/collection_2024/isde-ised/st51/ST51-154-1979-eng.pdf |